[Event "Pardubice Czech op-A 28th"]
[Site "Pardubice"]
[Date "2017.07.22"]
[Round "2"]
[White "Gheng, Josef"]
[Black "Demidov, Mikhail"]
[Result "1/2-1/2"]
[WhiteElo "2347"]
[BlackElo "2524"]
[PlyCount "110"]
[EventDate "2017.07.21"]
[EventType "swiss"]
[EventRounds "9"]
[EventCountry "CZE"]
[SourceTitle "CBM 179 Extra"]
[Source "ChessBase"]
[SourceDate "2017.08.23"]
[SourceVersion "1"]
[SourceVersionDate "2017.08.23"]
[SourceQuality "1"]

1. d4 Nf6 2. Nf3 e6 3. c4 d5 4. Nc3 c6 5. e3 Nbd7 6. cxd5 exd5 7. Bd3 Bd6 8. a3 0-0 9. Qc2 Re8 10. Bd2 Qe7 11. b4 a6 12. Na4 Ne4 13. 0-0 Rb8 14. Bc3 Ndf6 15. Bb2 Ng4 16. h3 Nh6 17. Nc5 f6 18. Nd2 f5 19. Rae1 Nf7 20. f3 Ng3 21. Rf2 Bf4 22. Nf1 Nxf1 23. Kxf1 Bg3 24. Bxf5 Bxf5 25. Qxf5 b6 26. Nd3 Nd6 27. Qg4 Bxf2 28. Kxf2 Nc4 29. Bc1 a5 30. e4 dxe4 31. Rxe4 Qf7 32. Ne5 Nxe5 33. dxe5 axb4 34. e6 Qf6 35. axb4 Rb7 36. h4 c5 37. Bg5 Qb2+ 38. Kg3 Qb3 39. Qf5 Qd3 40. bxc5 bxc5 41. Qxc5 Qb5 42. Be3 Qb3 43. f4 g6 44. Kh2 Qb5 45. h5 Qxc5 46. Bxc5 Rb5 47. Re5 Rc8 48. e7 Kf7 49. hxg6+ hxg6 50. f5 gxf5 51. Rxf5+ Kg6 52. g4 Rb2+ 53. Kg3 Re2 54. Rf8 Rxc5 55. e8Q+ Rxe8 1/2-1/2

[Event "Oeffingen op 8th"]
[Site "Fellbach/Oeffingen"]
[Date "2017.06.03"]
[Round "2"]
[White "Alber, Wilhelm"]
[Black "Gheng, Josef"]
[Result "0-1"]
[WhiteElo "1933"]
[BlackElo "2334"]
[PlyCount "34"]
[EventDate "2017.06.02"]
[EventType "swiss"]
[EventRounds "7"]
[EventCountry "GER"]
[SourceTitle "EXT 2024"]
[Source "ChessBase"]
[SourceDate "2023.10.10"]
[SourceVersion "1"]
[SourceVersionDate "2023.10.10"]
[SourceQuality "1"]

1. Nf3 Nf6 2. g3 b6 3. Bg2 Bb7 4. 0-0 e6 5. c4 c5 6. e3 d5 7. cxd5 Nxd5 8. Nc3 Be7 9. Nxd5 Bxd5 10. d4 0-0 11. b3 Nc6 12. Bb2 Rc8 13. dxc5 Bxc5 14. Qe2 Be4 15. Rfd1 Qe7 16. Ne5 Bxg2 17. Nxc6 Bxc6 0-1

[Event "Karlsruhe Grenke op"]
[Site "Karlsruhe"]
[Date "2017.04.15"]
[Round "5"]
[White "Schneider, Ilja"]
[Black "Gheng, Josef"]
[Result "1-0"]
[WhiteElo "2516"]
[BlackElo "2327"]
[PlyCount "87"]
[EventDate "2017.04.13"]
[EventType "swiss"]
[EventRounds "9"]
[EventCountry "GER"]
[SourceTitle "CBM 177 Extra"]
[Source "ChessBase"]
[SourceDate "2017.04.27"]
[SourceVersion "1"]
[SourceVersionDate "2017.04.27"]
[SourceQuality "1"]

1. e4 c5 2. c3 Qa5 3. Nf3 Nc6 4. a3 Nf6 5. e5 Ng4 6. d4 cxd4 7. b4 Qd8 8. cxd4 d5 9. Nc3 g6 10. h3 Nh6 11. Bf4 Nf5 12. Qd2 h5 13. Rc1 Be6 14. Bb5 Qb6 15. 0-0 a6 16. Ba4 h4 17. Rfd1 Bh6 18. Bxh6 Rxh6 19. Bb3 Rd8 20. Na4 Qa7 21. Nc5 Bc8 22. Ba4 Kf8 23. Nxb7 Qxb7 24. Bxc6 Qb8 25. a4 Rh5 26. b5 Ng7 27. Qa5 Ne6 28. bxa6 Qa7 29. Bxd5 Qxa6 30. Qxa6 Bxa6 31. Bc4 Bb7 32. d5 Nf4 33. a5 Kg7 34. a6 Bxd5 35. Bxd5 Nxd5 36. a7 e6 37. Rc7 Ra8 38. Rb7 Rf5 39. Rd4 g5 40. Rg4 Kh6 41. Ra4 Kg6 42. Rb8 Nc7 43. Rxa8 Nxa8 44. Rb4 1-0